| 000 | 00524nam a22001817a 4500 | ||
|---|---|---|---|
| 999 |
_c186877 _d186877 |
||
| 005 | 20220322124551.0 | ||
| 010 | _aENG-132063 | ||
| 020 | _c199.00 | ||
| 035 | _aEN-115595 | ||
| 037 | _bDBAD/PUB | ||
| 082 | _aS | ||
| 100 | _aWadhera,Kiron | ||
| 245 |
_aIn Search of A Woman: _bAnd Other Short Stories/ _cKiron Wadhera |
||
| 260 |
_aNew Delhi _bPigeon Books India _c2016 |
||
| 270 |
_a16, Ansari Road, Daryaganj _bNew Delhi _mgeneralbookdepot@yahoo.com _e110002 |
||
| 300 |
_a215p _c20cm(pbk) |
||
| 942 |
_2ddc _cEN _hS _mWAD |
||